000 00515nam a2200193Ia 4500
999 _c9406
_d9406
003 OSt
005 20191220092134.0
008 190216s9999||||xx |||||||||||||| ||und||
020 _a0706908325
040 _coclc
082 _a338.954
_bDES/P
100 _aDesai, P B
_9599
245 0 _aPlanning In India /
_cP B Desai
250 _a1st ed.
260 _bVikas Publishing House,
_c1979.
_aUP:
300 _a194p
650 _aEconomics
942 _cBK
_2ddc
_h338.954
_iDES/P
_k338.954
_mDES/P